| Tag |
First Indicator |
Second Indicator |
Subfields |
| LEADER |
00000cam a2200000 i 4500 |
| 001 |
in00000016613 |
| 005 |
20151007052821.0 |
| 008 |
760317s1928 gw af b 00110 ger d |
| 035 |
|
|
|a (OCoLC)02054191
|
| 035 |
|
|
|9 AAA9306AM
|
| 040 |
|
|
|a YUS
|c YUS
|d TXA
|d UtOrBLW
|
| 049 |
|
|
|a TXAM
|c [A11049593]
|
| 050 |
|
4 |
|a CD5363
|b .M37 1928
|
| 100 |
1 |
|
|a Matz, Friedrich,
|d 1890-1974.
|
| 245 |
1 |
4 |
|a Die frühkretischen Siegel :
|b eine Untersuchung über das Werden des minoischen Stiles /
|c von Friedrich Matz.
|
| 264 |
|
1 |
|a Berlin :
|b W. de Gruyter,
|c 1928.
|
| 300 |
|
|
|a xiv, 277 pages, 26 leaves of plates :
|b illustrations ;
|c 28 cm.
|
| 336 |
|
|
|a text
|b txt
|2 rdacontent
|
| 337 |
|
|
|a unmediated
|b n
|2 rdamedia
|
| 338 |
|
|
|a volume
|b nc
|2 rdacarrier
|
| 504 |
|
|
|a Includes bibliographical references and index.
|
| 650 |
|
0 |
|a Seals (Numismatics)
|z Greece
|z Crete.
|
| 999 |
|
|
|a MARS
|
| 999 |
f |
f |
|s d11b6644-d09e-35b3-aafb-9e61c4ad985c
|i 3af64d1f-f441-3145-9666-5f331f8a6ef3
|t 0
|
| 952 |
f |
f |
|p ric
|a Texas A&M University
|b Rellis Campus
|c Joint Library Facility
|d Remote Storage
|t 0
|e CD5363 .M37 1928
|h Library of Congress classification
|i unmediated -- volume
|m A14811049593
|
| 998 |
f |
f |
|a CD5363 .M37 1928
|t 0
|l Remote Storage
|